| 000 | 00709nam a2200193 a 4500 | ||
|---|---|---|---|
| 008 | 120416s1988 ||||||||||||||||| || u | ||
| 020 | _a1852930128 | ||
| 050 | _aHC 800 Rur | ||
| 100 | _aRimmer, Douglas | ||
| 245 | 1 | 0 |
_aRural transformation in tropical Africa _cedited by Douglas Rimmer |
| 260 |
_aLondon : _bBelhaven Press _c1988 |
||
| 300 | _aviii, 177p. : ill | ||
| 350 | _a0.00 | ||
| 500 | _aBibliography | ||
| 650 | 0 | _aECONOMICS | |
| 650 | _aAFRICA, SUB-SAHARA--ECONOMIC CONDITIONS--1960 | ||
| 650 | _aAFRICA, SUB-SAHARAN--RURAL CONDITIONS | ||
| 995 |
_D0.00 _FCBU-MAIN LIBRARY (Kitwe) _H1 _I0.00 _M1 _UAVAILABLE _ZAnnex Low-Usage Collection |
||
| 999 |
_c56847 _d56847 |
||